Psychological methods of pain control : (Record no. 9300)
[ view plain ]
| 000 -LEADER | |
|---|---|
| fixed length control field | 00861cam a22002412 4500 |
| 001 - CONTROL NUMBER | |
| control field | 0000020384 |
| 005 - DATE AND TIME OF LATEST TRANSACTION | |
| control field | 20151217152213.0 |
| 008 - FIXED-LENGTH DATA ELEMENTS--GENERAL INFORMATION | |
| fixed length control field | 110915s xx 000 0 eng d |
| 020 ## - INTERNATIONAL STANDARD BOOK NUMBER | |
| International Standard Book Number | 0931092523 : |
| 040 ## - CATALOGING SOURCE | |
| Original cataloging agency | KABU |
| Transcribing agency | KABU |
| 245 10 - TITLE STATEMENT | |
| Title | Psychological methods of pain control : |
| Remainder of title | basic science and clinical perspectives / |
| Statement of responsibility, etc. | [edited by] Donald D. Price, M. Catherine Bushnell. |
| 250 ## - EDITION STATEMENT | |
| Edition statement | 1st ed. |
| 260 ## - PUBLICATION, DISTRIBUTION, ETC. (IMPRINT) | |
| Place of publication, distribution, etc. | Seattle, WA. : |
| Name of publisher, distributor, etc. | IASP, |
| Date of publication, distribution, etc. | 2004. |
| 300 ## - PHYSICAL DESCRIPTION | |
| Extent | xii, 308 p. |
| 650 #0 - SUBJECT ADDED ENTRY--TOPICAL TERM | |
| Topical term or geographic name as entry element | Pain |
| General subdivision | Psychosomatic aspects. |
| -- | 0000181428 |
| 650 #0 - SUBJECT ADDED ENTRY--TOPICAL TERM | |
| Topical term or geographic name as entry element | Chronic pain |
| General subdivision | Alternative treatment. |
| -- | 0000181429 |
| 700 1# - ADDED ENTRY--PERSONAL NAME | |
| Personal name | Price, Donald D. |
| -- | 0000181430 |
| 700 1# - ADDED ENTRY--PERSONAL NAME | |
| Personal name | Bushnell, M. Catherine. |
| -- | 0000181431 |
| 852 1# - LOCATION | |
| -- | p1000 KES |
| 852 1# - LOCATION | |
| -- | p1000 KES |
| 908 ## - PUT COMMAND PARAMETER (RLIN) | |
| Put command parameter | 110915 |
| 950 ## - LOCAL HOLDINGS (RLIN) | |
| -- | 1 |
| Withdrawn status | Lost status | Source of classification or shelving scheme | Not for loan | Home library | Current library | Date acquired | Total Checkouts | Full call number | Barcode | Date last seen | Price effective from | Koha item type |
|---|---|---|---|---|---|---|---|---|---|---|---|---|
| Library of Congress Classification | Kabarak, Main Campus | Kabarak, Main Campus | 17/12/2015 | RB127 .P79 2004 c.1 | 21622 | 17/12/2015 | 17/12/2015 | General Collection | ||||
| Library of Congress Classification | Kabarak, Main Campus | Kabarak, Main Campus | 17/12/2015 | RB127 .P79 2004 c.2 | 19514 | 17/12/2015 | 17/12/2015 | General Collection |